• 首页
  • 本馆介绍
  • 公告通知
  • 最新文献
  • 馆藏检索
  • 电子资源
  • 读者导购
  • 参考咨询
  • 我的图书馆
  • 登录
  • 详细信息显示
  • 放入我的书架
  • 预约/预借图书
  • 作者相关作品
  • 分类相关作品
  • 丛书相关作品
  • 出版社相关作品

书目信息

  • 表格格式
  • 工作单格式
  • 卡片格式
题名:
互联网时代下高校教育管理与评价创新
    
 
作者: 洪剑锋 , 屈先蓉 , 杨芳 著
分册:  
出版信息: 延吉   延边大学出版社  2022.03
页数: 132页
开本: 26cm
丛书名:
单 册:
中图分类: G640 , G649.2
科图分类:
主题词: 高等学校--教育管理--研究--中国 , 高等学校--教育评估--中国
电子资源:
ISBN: 978-7-230-01451-9
000 01178nam0 2200277 450
001 012001001287
005 20141202133628.0
010    @a978-7-230-01451-9@dCNY52.00
100    @a20220905d2021 em y0chiy50 ea
101 0  @achi
102    @aCN@b220000
105    @ay z 000yy
106    @ar
200 1  @a互联网时代下高校教育管理与评价创新@Ahu lian wang shi dai xia gao xiao jiao yu guan li yu ping jia chuang xin@f洪剑锋,屈先蓉,杨芳著
210    @a延吉@c延边大学出版社@d2022.03
215    @a132页@d26cm
330    @a本书从互联网入手,在阐述高校教育管理相关理论的基础上,深入分析互联网为我国高校教育管理发展带来的机遇与挑战,并提出互联网时代高校教育管理创新发展的对策,同时在阐述教育评价相关理论的基础上,进一步分析互联网背景下的高校教育评价发展情况,深入探讨互联网时代高校教育质量评价体系的构建,旨在为提升我国高校教育水平提供理论上的借鉴与指导。
606 0  @a高等学校@x教育管理@x研究@y中国
606 0  @a高等学校@x教育评估@y中国
690    @aG640@v5
690    @aG649.2@v5
701  0 @a洪剑锋@Ahong jian feng@4著
701  0 @a屈先蓉@Aqu xian rong@4著
701  0 @a杨芳@Ayang fang@4著
801  0 @aCN@bAHXH@c20221111
905    @b1370859-63@dG640@e2385@f5
    
    互联网时代下高校教育管理与评价创新/洪剑锋,屈先蓉,杨芳著.-延吉:延边大学出版社,2022.03
    132页;26cm
    
    
    ISBN 978-7-230-01451-9:CNY52.00
    本书从互联网入手,在阐述高校教育管理相关理论的基础上,深入分析互联网为我国高校教育管理发展带来的机遇与挑战,并提出互联网时代高校教育管理创新发展的对策,同时在阐述教育评价相关理论的基础上,进一步分析互联网背景下的高校教育评价发展情况,深入探讨互联网时代高校教育质量评价体系的构建,旨在为提升我国高校教育水平提供理论上的借鉴与指导。
●
相关链接 在E读中查询图书 在五车中查询图书 在当当中查询图书 在豆瓣中查询图书


正题名:互联网时代下高校教育管理与评价创新     索取号:G640/2385         预约/预借

序号 登录号 条形码 馆藏地/架位号 状态 备注
1 1370859   213708594   第一样本阅览室/ [索取号:G640/2385] 在馆    
2 1370860   213708601   教育系资料室/ [索取号:G640/2385] 在馆    
3 1370861   213708610   教育系资料室/ [索取号:G640/2385] 在馆    
4 1370862   213708629   第四借阅区/ [索取号:G640/2385] 在馆    
5 1370863   213708638   第四借阅区/ [索取号:G640/2385] 在馆    
唐山师范学院图书馆 欢迎您!
大连网信软件有限公司© 版权所有